Das Problem der Vereinbarkeit von Zwang und Erziehung im Vollzug der Freiheitsstrafe

Gespeichert in:  
Bibliographische Detailangaben
1. VerfasserIn: Deimling, Gerhard 1934-2017 (Verfasst von)
Medienart: Druck Aufsatz
Sprache:Deutsch
Veröffentlicht: 1984
In: Zeitschrift für Sozialhilfe und Sozialgesetzbuch
Jahr: 1984, Band: 23, Heft: 1, Seiten: 7-11
Verfügbarkeit prüfen: HBZ Gateway
Schlagwörter:

MARC

LEADER 00000caa a22000002c 4500
001 1629080942
003 DE-627
005 20220607112705.0
007 tu
008 120227s1984 xx ||||| 00| ||ger c
035 |a (DE-627)1629080942 
035 |a (DE-576)359804500 
035 |a (DE-599)BSZ359804500 
040 |a DE-627  |b ger  |c DE-627  |e rakwb 
041 |a ger 
100 1 |a Deimling, Gerhard  |d 1934-2017  |0 (DE-588)117733598  |0 (DE-627)079150144  |0 (DE-576)291632211  |4 aut 
109 |a Deimling, Gerhard 1934-2017 
245 1 4 |a Das Problem der Vereinbarkeit von Zwang und Erziehung im Vollzug der Freiheitsstrafe  |c Gerhard Deimling 
264 1 |c 1984 
336 |a Text  |b txt  |2 rdacontent 
337 |a ohne Hilfsmittel zu benutzen  |b n  |2 rdamedia 
338 |a Band  |b nc  |2 rdacarrier 
773 0 8 |i In  |t Zeitschrift für Sozialhilfe und Sozialgesetzbuch  |d Starnberg : Schulz, 1983  |g 23(1984), 1, Seite 7-11  |w (DE-627)13066961X  |w (DE-600)872555-X  |w (DE-576)016215567  |x 0724-4711  |7 nnas 
773 1 8 |g volume:23  |g year:1984  |g number:1  |g pages:7-11 
951 |a AR 
ELC |b 1 
LOK |0 000 xxxxxcx a22 zn 4500 
LOK |0 001 3276236109 
LOK |0 003 DE-627 
LOK |0 004 1629080942 
LOK |0 005 20260220143607 
LOK |0 008 120227||||||||||||||||ger||||||| 
LOK |0 040   |a DE-21-110  |c DE-627  |d DE-21-110 
LOK |0 689   |a s  |a Erziehung 
LOK |0 689   |a s  |a Vollzug 
LOK |0 852   |z Kein Bestand am IfK; Nachweis für KrimDok 
LOK |0 852   |a DE-21-110 
LOK |0 852 1  |m v  |9 00 
LOK |0 935   |a K110 
LOK |0 938   |k v 
LOK |0 939   |a 27-02-12  |b l01 
ORI |a WA-MARC-krimdoka001.raw